Svenska biografiska dramafilmer från 2010-talet - Statistics

General Stats
  • This quiz has been taken 9 times
  • The average score is 3 of 8
Answer Stats
År Titel % Correct
2018 Ted - för kärlekens skull
88%
2018 Unga Astrid
63%
2017 Borg
50%
2013 Monica Z
38%
2010 Cornelis
13%
2012 Dom över död man
13%
2019 Quick
13%
2015 The girl king
13%
No matching quizzes found
Score Distribution
Percent of People with Each Score
Percentile by Number Answered
Your Score History
You have not taken this quiz